The Strokes Lyrics - Hard To Explain - Statistics

General Stats
  • This quiz has been taken 168 times
  • The average score is 204 of 251
Answer Stats
Lyrics % Correct
to
99%
I
98%
a
97%
it
97%
explain
94%
hard
94%
the
94%
The
94%
way
93%
you
93%
you,
93%
an
91%
take
91%
try,
91%
for
90%
like
90%
see
90%
see,
90%
that
90%
that"
90%
I'm
89%
"I'm
89%
it's
89%
me
89%
don't
88%
say
88%
but
87%
can
87%
We
87%
we
87%
man
86%
man,
86%
not
86%
right
86%
right,
86%
train
86%
Was
86%
He
85%
he
85%
bus,
83%
her
83%
honest
83%
When
83%
thing,
82%
wrong
82%
control
81%
next
81%
Oh,
81%
so
81%
they
81%
too
81%
what
81%
act
79%
go
79%
in
79%
on
78%
Says
78%
says
78%
says,
78%
told
78%
Tried
78%
Tryin'
78%
and
77%
can't
77%
last
77%
old
77%
cannot
76%
forget
76%
here,
76%
I'll
76%
is
76%
TV,
76%
watch
76%
am
74%
remind
74%
young
74%
are
73%
Carolina
73%
stay
73%
back
72%
missed
72%
Asked
71%
Raised
71%
She
71%
this
70%
phone
69%
You're
69%
zoo
69%
place
68%
true
68%
joke
67%
some
65%
ideas
64%
All
63%
all
63%
be
62%
we're
62%
same
61%
Well,
60%
we'll
60%
just
59%
shared
57%
nice
55%
remember
55%
decide
54%
mean
53%
fame
50%
with
50%
obsessed
49%
Pretend
48%
please
46%
my
43%
"Everything's
37%
great"
35%
shake
31%
head
30%
nervous,
19%
No matching quizzes found
Score Distribution
Percent of People with Each Score
Percentile by Number Answered
Your Score History
You have not taken this quiz